Redes de la memoria : escritoras ex-detenidas /

Guardado en:
Autor Principal: Boccanera, Jorge
Formato: Libro
Publicado: Buenos Aires : Instituto Movilizador de Fondos Cooperativos, 2000
Series:Desde la gente
Materias:
Etiquetas: Agregar Etiqueta
Sin Etiquetas, Sea el primero en etiquetar este registro!
LEADER 00784nam a22002175a 4500
001 CEM.cems010801
005 20080318102029.0
008 130507s2000##################000#0#####d
003 CEMS
082 0 4 |a 920 
100 1 |a Boccanera, Jorge 
245 1 0 |a Redes de la memoria :  |b escritoras ex-detenidas /  |c Jorge Boccanera 
260 |a Buenos Aires :  |b Instituto Movilizador de Fondos Cooperativos,  |c 2000 
300 |a 129 p. 
490 0 |a Desde la gente 
505 0 |a Incluye relatos y testimonios de mujeres que fueron secuestradas, estuvieron desaparecidas y luego legalizadas marcharon al exilio.- 
653 |a Biografías 
653 |a Mujer y democracia 
653 |a Secuestro de personas 
653 |a Terrorismo de estado 
859 |a CEMS  |b BIB. CEMS - 11 de abril  |h 920  |i B63  |p 21479.01  |t Ej.1